000 01230nam a22002897a 4500
005 20230307081032.0
008 230210s2019 mx ||||| |||| 00| 0 spa d
020 _a9786075491233
040 _aMX-MxUPN
_bspa
_cMX-MxUPN
050 4 _aF1234 P536
_bA38 2019
245 _aAyala jënmä´äny
246 3 _aEl Plan de Ayala en Mixe
250 _aPrimera edición
260 _aCiudad de México :
_bSecretaría de Gobernación :
_bInstituto Nacional de Estudios Históricos de las Revoluciones de México :
_bInstituto Nacional de Lenguas Indígenas (INALI) :
_bFondo de Cultura Económica,
_c2019.
300 _a46 páginas :
_bilustraciones, facsímiles
490 _aClásicos del Zapatismo
500 _aEdición facsímilar de la de: Plan de Ayala, México, Segob, 1979
546 _aTítulo y texto en mixe.
600 1 0 _aZapata, Emiliano,
_d1879-1919
_941757
630 0 _aPlan de Ayala
_lMixe
_947956
650 0 _947884
_aTenencia de la tierra
_zMéxico
_xHistoria
_ySiglo XX
651 0 _945392
_aMéxico
_xHistoria
_yRevolución, 1910-1920
_vFuentes
700 1 _aAguilar Gil, Yásnaya Elena
_etraductora
_947955
902 _aGabrielCapula/100223
_bNoemiAcosta/270223
942 _2lcc
_cLIBRO
_n0
999 _c209133
_d209133